[Event "Moscow Open 2009"]
[Site "Moscow"]
[Date "2009.02.05"]
[Round "6.6"]
[White "Girya, Olga"]
[Black "Gaponenko, Inna"]
[Result "1-0"]
[WhiteElo "2315"]
[BlackElo "2450"]
[Annotator ""]
[Source ""]
[Remark ""]

1.e4 c5 2.Nc3 g6 3.d4 cxd4 4.Qxd4 Nf6 5.Nf3 Nc6 6.Qa4 d6 7.e5
dxe5 8.Nxe5 Bd7 9.Nxd7 Qxd7 10.Be3 Bg7 11.Rd1 Qc7 12.g3 O-O 13.Bg2
a6 14.O-O b5 15.Qf4 Qxf4 16.Bxf4 Rac8 17.Bh3 e6 18.Bg2 Nh5 19.Bd6
Rfe8 20.Ne4 f5 21.Nc5 Bxb2 22.Nxa6 Nd4 23.Bc5 Ne2+ 24.Kh1 Nc3
25.Rb1 Nxb1 26.Rxb1 Red8 27.Bb7 Ra8 28.Rxb2 Rd1+ 29.Kg2 Rad8
30.Rxb5 Ra1 31.Nb4 g5 32.Be7 Rdd1 33.Bxg5 Rg1+ 34.Kh3 Kf7 35.Bc8
Kg6 36.Be3 f4 37.gxf4 Ng7 38.Bd4 Rab1 39.Bxe6 1-0

[Event "Moscow Open 2009 C"]
[Site "?"]
[Date "2009.02.05"]
[Round "6.7"]
[White "Savina, Anastasia"]
[Black "Kovalevskaya, Ekaterina"]
[Result "0-1"]
[WhiteElo "2297"]
[BlackElo "2442"]
[Annotator ""]
[Source ""]
[Remark ""]

1.d4 Nf6 2.c4 e6 3.Nc3 Bb4 4.Qc2 Nc6 5.Nf3 O-O 6.a3 Bxc3+ 7.Qxc3
a5 8.g3 d6 9.Bg2 Re8 10.O-O e5 11.d5 Ne7 12.b4 axb4 13.axb4 Rxa1
14.Qxa1 b5 15.Nd2 bxc4 16.e4 c6 17.Nxc4 cxd5 18.exd5 Nexd5 19.Rd1
Be6 20.Bg5 Qc7 21.Rc1 Qb8 22.b5 Rc8 23.Qa6 Nb4 24.Qxd6 Na2 25.Qxb8
Rxb8 26.Rc2 Nb4 27.Rc1 Rxb5 28.Ra1 Na6 29.Bf1 Nc7 30.Ra7 Nfe8
31.Bd8 Rb1 32.Nd2 Rc1 33.f3 g6 34.Kf2 Kg7 35.Bd3 Bd5 36.Ne4 Ne6
37.Re7 Bxe4 38.Bxe4 Nd6 39.Ba5 Nxe4+ 40.fxe4 Rc2+ 41.Ke3 Rxh2
42.Bc3 Kf6 43.Rb7 Rg2 44.Kf3 Rc2 45.Ba1 h5 46.Rb5 Rc5 47.Rb7
Nd4+ 48.Bxd4 exd4 49.Rd7 Rc3+ 50.Kf2 Rd3 51.Rd5 Ke6 52.Rd8 Rd2+
53.Kf3 g5 54.Rh8 Rd3+ 55.Kf2 f6 56.Re8+ Kf7 57.Rh8 Rd2+ 58.Kf1
d3 59.Rd8 Ke6 60.Ke1 Re2+ 61.Kf1 Rxe4 62.Rxd3 Kf5 63.Rd2 Kg4
64.Kg2 f5 65.Rf2 Re3 0-1

[Event "Moscow Open 2009 C"]
[Site "?"]
[Date "2009.02.05"]
[Round "6.8"]
[White "Akatova, Ekaterina"]
[Black "Mongontuul, Bathuyag"]
[Result "1/2-1/2"]
[WhiteElo "2261"]
[BlackElo "2425"]
[Annotator ""]
[Source ""]
[Remark ""]

1.e4 c5 2.Nf3 e6 3.d4 cxd4 4.Nxd4 Nc6 5.Nc3 a6 6.Be3 Qc7 7.Qd2
Nf6 8.O-O-O Be7 9.f3 O-O 10.g4 d6 11.g5 Nd7 12.h4 b5 13.Kb1 Nde5
14.f4 Nc4 15.Bxc4 bxc4 16.h5 Rb8 17.Ka1 Qb7 18.Rb1 Bd7 19.h6
g6 20.Nxc6 Qxc6 21.Bd4 f5 22.Ba7 Rb7 23.Qd4 Rf7 24.exf5 exf5
25.Rhe1 Bf8 26.Re2 Qf3 27.Rbe1 Bc6 28.Bb6 Be4 29.Nxe4 fxe4 30.Rxe4
d5 31.Re8 Qxf4 32.Qxf4 Rxf4 33.Bc5 Rbf7 34.a4 R4f5 35.Be7 d4
36.Bf6 Rd5 37.R1e5 Rxe5 38.Rxe5 Bxh6 39.Re8+ Bf8 40.Bxd4 Rf5
41.Re5 Rxe5 42.Bxe5 h6 43.gxh6 Bxh6 44.Ka2 Kf7 45.b4 Be3 46.b5
axb5 47.axb5 Ke6 48.Bb8 g5 49.Ka3 Bc5+ 50.Ka4 Kd7 51.Bg3 Kc8
52.b6 Bxb6 53.Kb4 Bc7 54.Bxc7 Kxc7 55.Kxc4 1/2-1/2

[Event "Moscow Open 2009 C"]
[Site "?"]
[Date "2009.02.05"]
[Round "6.9"]
[White "Matveeva, Svetlana"]
[Black "Strutinskaya, Galina N"]
[Result "1-0"]
[WhiteElo "2422"]
[BlackElo "2291"]
[Annotator ""]
[Source ""]
[Remark ""]

1.d4 f5 2.Nf3 Nf6 3.g3 e6 4.Bg2 d5 5.O-O Bd6 6.b3 Qe7 7.c4 c6
8.Nc3 O-O 9.Qc2 Bd7 10.Na4 Na6 11.c5 Bc7 12.a3 Be8 13.Nb2 Bh5
14.Nd3 Nb8 15.Nfe5 Nbd7 16.Bf4 Nxe5 17.Bxe5 h6 18.b4 a6 19.Rab1
Ng4 20.Bxc7 Qxc7 21.Qd2 g5 22.f3 Nf6 23.a4 Be8 24.Qe3 Kf7 25.Kf2
Rg8 26.Rh1 Nh5 27.Ne5+ Ke7 28.Qd2 Kd8 29.Rhe1 Rf8 30.Kg1 f4 31.g4
Nf6 32.e3 Nd7 33.exf4 Rxf4 34.h4 Nxe5 35.Rxe5 Qe7 36.hxg5 hxg5
37.Kf2 Qf6 38.Kg3 Ke7 39.Qe3 Bf7 40.b5 axb5 41.axb5 Ra4 42.bxc6
bxc6 43.Rb7+ Ke8 44.Rxg5 Rfxd4 45.Rb8+ Ke7 46.Rf5 Qg6 47.Rb7+
Ke8 48.Rfxf7 Rxg4+ 49.fxg4 Qxg4+ 50.Kh2 Qh4+ 1-0

[Event "Moscow Open 2009 C"]
[Site "?"]
[Date "2009.02.05"]
[Round "6.10"]
[White "Gunina, Valentina"]
[Black "Ivkina, Olga"]
[Result "1-0"]
[WhiteElo "2400"]
[BlackElo "2268"]
[Annotator ""]
[Source ""]
[Remark ""]

1.d4 Nf6 2.c4 g6 3.Nc3 Bg7 4.e4 d6 5.f3 O-O 6.Be3 Nc6 7.Nge2
a6 8.Qd2 Rb8 9.Nc1 e5 10.d5 Nd4 11.Nb3 Nxb3 12.axb3 c5 13.g4
h5 14.h3 Nh7 15.gxh5 Qh4+ 16.Qf2 Qxh5 17.Be2 f5 18.Bd2 Bf6 19.f4
Qh4 20.Qxh4 Bxh4+ 21.Kd1 Bg3 22.Rg1 exf4 23.Bd3 Ng5 24.Rxg3 fxg3
25.Bxg5 f4 26.Kd2 f3 27.Rg1 g2 28.Ke3 Bxh3 29.Nd1 Rbe8 30.Nf2
Bc8 31.Bc2 Re5 32.Bf4 g5 33.Bxe5 dxe5 34.Nd3 g4 35.Kf2 Kg7 36.Bd1
Kh6 37.b4 Kg5 38.Kg3 cxb4 39.c5 Bd7 40.Nf2 Rf4 41.Bb3 Kf6 42.Bc4
a5 43.b3 Ke7 44.d6+ Kd8 45.Bd5 Kc8 46.Nd3 Rf8 47.Kf2 Rh8 48.Nxe5
Rh1 49.Nxd7 Kxd7 50.e5 g3+ 51.Kxf3 Rxg1 52.e6+ Kc8 53.e7 Re1
54.Kxg2 Kd7 55.Bxb7 a4 56.Bc8+ Ke8 57.bxa4 b3 58.c6 b2 59.Bd7+
Kf7 60.Bf5 Kf6 61.c7 1-0

[Event "Moscow Open 2009 C"]
[Site "?"]
[Date "2009.02.05"]
[Round "6.11"]
[White "Lelekova, Olga"]
[Black "Romanko, Marina"]
[Result "0-1"]
[WhiteElo "2222"]
[BlackElo "2451"]
[Annotator ""]
[Source ""]
[Remark ""]

1.e4 c5 2.Nf3 d6 3.d4 cxd4 4.Qxd4 Nc6 5.Bb5 Bd7 6.Bxc6 Bxc6 7.Nc3
Nf6 8.Bg5 e6 9.O-O-O Be7 10.Kb1 O-O 11.Qd3 Qa5 12.h4 h6 13.Bd2
Qa6 14.Nd4 Qxd3 15.cxd3 Bd7 16.f3 a6 17.g4 h5 18.Rdg1 g6 19.Bg5
Rfe8 20.Nde2 hxg4 21.fxg4 b5 22.Nf4 b4 23.Nce2 Rab8 24.Bxf6 Bxf6
25.g5 Be5 26.h5 Bb5 27.hxg6 fxg6 28.Rh6 Bg7 29.Rh3 Rb7 30.Nxg6
Rf7 31.Nef4 Bd4 32.Rgh1 Rg7 33.Rh8+ Kf7 34.Rxe8 Bxe8 35.Rh6 Bd7
36.Nh8+ Kg8 37.g6 Be3 38.Nf7 Kf8 39.Rh8+ Ke7 40.Rh7 Kf8 41.Rh4
Ke7 42.Nh8 Bxf4 43.Rxf4 e5 44.Rf7+ Rxf7 45.gxf7 Be6 46.Kc2 a5
47.b3 Bg4 48.d4 exd4 49.Kd3 Bd1 50.Kd2 Bh5 51.Kd3 Bxf7 52.Kxd4
Be8 53.Kd5 Kd7 54.e5 dxe5 55.Kxe5 Kc6 56.Ke6 Kc5 57.Ke5 Bh5 58.Ke4
Bd1 59.Kd3 Bh5 60.Ke4 Kb5 61.Kd4 a4 62.bxa4+ Kxa4 63.Kc4 Be8
64.Kc5 Ka3 65.Kc4 Bd7 66.Ng6 Be6+ 67.Kc5 Bxa2 68.Ne5 Be6 69.Nf3
b3 70.Nd2 b2 71.Kd6 Bf7 72.Kc5 Ka4 73.Kd4 Kb4 74.Kd3 Bg6+ 75.Ke2
Kc3 76.Ke3 Bd3 0-1

[Event "Moscow Open 2009 C"]
[Site "?"]
[Date "2009.02.05"]
[Round "6.12"]
[White "Muzychuk, Mariya"]
[Black "Gu, Xiaobing"]
[Result "1/2-1/2"]
[WhiteElo "2427"]
[BlackElo "2283"]
[Annotator ""]
[Source ""]
[Remark ""]

1.e4 c5 2.Nf3 d6 3.Bb5+ Nc6 4.O-O Bd7 5.Re1 Nf6 6.c3 a6 7.Bxc6
Bxc6 8.d4 cxd4 9.cxd4 Bxe4 10.Nc3 Bxf3 11.Qxf3 e6 12.Qxb7 Qc8
13.Qb3 Be7 14.d5 e5 15.Bg5 O-O 16.Rac1 Qd7 17.Bxf6 Bxf6 18.Ne4
Be7 19.Rc6 f5 20.Nd2 Rab8 21.Qa3 Qa7 22.Nb3 a5 23.Rec1 Rfe8 24.Nxa5
Qd4 25.R6c3 Ra8 26.b4 Qxd5 27.Qb3 Qxb3 28.Rxb3 d5 29.a3 Bg5 30.Rc5
d4 31.Nc6 e4 32.Nxd4 e3 33.f4 Red8 34.fxg5 Rxd4 35.Rc1 f4 36.b5
Kf7 37.b6 Kg6 38.b7 Rb8 39.Kf1 Rd7 40.Rcb1 Rd2 41.R3b2 Rd4 42.Rb4
Rd2 43.a4 Rf2+ 44.Kg1 Kxg5 45.R4b2 Rd2 46.a5 Rd3 47.a6 Ra3 48.Rb6
Ra2 49.Rc6 Rd8 50.b8Q Rxb8 51.h4+ Kxh4 52.Rxb8 Kg3 53.Kf1 Rxg2
54.Re6 Ra2 55.Rb1 g5 56.Re1 g4 57.Rh6 Kf3 58.Kg1 Kg3 59.Kf1 Ra3
60.Rxh7 Rxa6 61.Rh8 Ra2 62.Re2 Ra3 63.Re8 Kf3 64.Re1 Ra2 65.Kg1
Rg2+ 66.Kh1 Rd2 67.Rf1+ Rf2 68.Kg1 g3 69.Rc1 Rg2+ 70.Kf1 Rd2
71.Kg1 Re2 72.Kf1 Rf2+ 73.Kg1 Rg2+ 74.Kf1 Rh2 75.Kg1 e2 76.Ra1
Rg2+ 77.Kh1 Rf2 78.Kg1 Rg2+ 79.Kh1 Rh2+ 80.Kg1 Rf2 81.Re7 Kg4
82.Rg7+ Kf5 83.Rf7+ Ke6 84.Rg7 Kf5 85.Rg8 Ke4 86.Re8+ Kf3 87.Re7
Rg2+ 1/2-1/2

[Event "Moscow Open 2009 C"]
[Site "?"]
[Date "2009.02.05"]
[Round "6.13"]
[White "Butuc, Maria"]
[Black "Bodnaruk, Anastasia"]
[Result "0-1"]
[WhiteElo "2182"]
[BlackElo "2384"]
[Annotator ""]
[Source ""]
[Remark ""]

1.e4 c5 2.Nf3 Nc6 3.Bb5 g6 4.Bxc6 dxc6 5.d3 Bg7 6.h3 b6 7.Nc3
Nh6 8.Be3 f6 9.Qd2 Nf7 10.O-O e5 11.Nh2 O-O 12.f4 exf4 13.Bxf4
Be6 14.Nf3 Qd7 15.Rae1 Rad8 16.Qe2 g5 17.Be3 h6 18.a4 f5 19.exf5
Bxf5 20.a5 Rfe8 21.Qd2 Nd6 22.axb6 axb6 23.Qf2 Ra8 24.Ra1 Bg6
25.Rxa8 Rxa8 26.Qd2 Nf5 27.Bf2 Nd4 28.Bg3 Re8 29.Kh1 b5 30.Ng1
Re7 31.Bh2 Qe6 32.Bg3 Qd7 33.Bh2 Kh7 34.Bg3 c4 35.dxc4 Nf5 36.Qf2
Bd4 37.Qf3 Re3 0-1

[Event "Moscow Open 2009 C"]
[Site "?"]
[Date "2009.02.05"]
[Round "6.14"]
[White "Fastova, Tatiana"]
[Black "Grabuzova, Tatiana"]
[Result "0-1"]
[WhiteElo "2005"]
[BlackElo "2332"]
[Annotator ""]
[Source ""]
[Remark ""]

1.e4 c6 2.d4 d5 3.Nc3 dxe4 4.Nxe4 Bf5 5.Ng3 Bg6 6.h4 h6 7.Nf3
Nd7 8.h5 Bh7 9.Bd3 Bxd3 10.Qxd3 e6 11.Bf4 Qa5+ 12.Bd2 Qc7 13.O-O-O
Ngf6 14.Ne4 O-O-O 15.g3 Nxe4 16.Qxe4 Nf6 17.Qe2 Rd5 18.Ne5 Rxd4
19.Bf4 Re4 20.Qd3 Bc5 21.Ng6 Rxf4 22.Nxf4 Qa5 23.f3 Qxa2 24.c3
a5 25.Qe2 a4 26.Nd3 a3 27.Nxc5 Qa1+ 28.Kd2 Qxb2+ 29.Ke3 Qxc3+
30.Nd3 Nd5+ 31.Kf2 Qd4+ 32.Kg2 Ne3+ 33.Kh2 Nxd1 34.Rxd1 Rd8 35.Kh3
Qc4 36.Rd2 Rd5 37.Nf4 Qxe2 38.Rxe2 Ra5 39.Ra2 b5 40.Nd3 Kc7 41.Kg2
Kb6 42.Kf2 c5 0-1

[Event "Moscow Open 2009 C"]
[Site "?"]
[Date "2009.02.05"]
[Round "6.15"]
[White "Petrukhina, Irina"]
[Black "Charochkina, Daria"]
[Result "1-0"]
[WhiteElo "1905"]
[BlackElo "2316"]
[Annotator ""]
[Source ""]
[Remark ""]

1.d4 Nf6 2.c4 g6 3.Nc3 d5 4.cxd5 Nxd5 5.e4 Nxc3 6.bxc3 Bg7 7.Bc4
c5 8.Ne2 O-O 9.O-O Nc6 10.Be3 Qc7 11.Rc1 b6 12.Qd2 Bb7 13.Bh6
Na5 14.Bd3 e6 15.Bxg7 Kxg7 16.Qe3 Rad8 17.h4 Qe7 18.h5 Qh4 19.f4
f5 20.Rf3 fxe4 21.Rh3 Qf6 22.Bxe4 Nc4 23.Qd3 Bxe4 24.Qxe4 Qf5
25.h6+ Kg8 26.Qf3 Kh8 27.Re1 Qf6 28.Qd3 Na5 29.Qa6 cxd4 30.Nxd4
e5 31.Rxe5 Qxf4 32.Ree3 Nc6 33.Qb7 Qf1+ 34.Kh2 Qf4+ 35.Reg3 Qe5
36.Nxc6 1-0

[Event "Moscow Open 2009 C"]
[Site "?"]
[Date "2009.02.05"]
[Round "6.16"]
[White "Abylkassymova, Raushan"]
[Black "Iljushina, Olga"]
[Result "0-1"]
[WhiteElo "1892"]
[BlackElo "2269"]
[Annotator ""]
[Source ""]
[Remark ""]

1.d4 Nf6 2.Nf3 e6 3.g3 b5 4.Bg2 Bb7 5.O-O Be7 6.Bf4 O-O 7.Nbd2
Nd5 8.c4 Nxf4 9.gxf4 b4 10.Qc2 f5 11.Kh1 Qe8 12.Rg1 Qh5 13.e3
c5 14.Qd3 Na6 15.d5 exd5 16.cxd5 d6 17.Ng5 Bxg5 18.Bf3 Qf7 19.Rxg5
h6 20.Rg3 Nc7 21.Rag1 Ne8 22.Nc4 Ba6 23.Qb3 Qe7 24.Na5 Qh4 25.Nc6
Rf7 26.Qa4 Bd3 27.Na5 Rc8 28.Qd1 Be4 29.Bxe4 fxe4 30.Nc4 Rd8
31.f3 Nf6 32.Nd2 Re8 33.Qf1 Qh5 34.fxe4 Nxe4 35.Nxe4 Qxd5 36.Qg2
Qxe4 37.Qxe4 Rxe4 38.Rg6 Rxe3 39.Rxd6 Rxf4 40.Rdg6 Rf7 41.Rxh6
Re2 42.Rh5 Rff2 43.a3 Rxb2 44.axb4 cxb4 45.Ra1 b3 46.Kg1 Rg2+
47.Kh1 Rge2 48.Rha5 Rxh2+ 49.Kg1 Rbg2+ 50.Kf1 b2 0-1

[Event "Moscow Open 2009 C"]
[Site "?"]
[Date "2009.02.05"]
[Round "6.17"]
[White "Shadrina, Tatiana"]
[Black "Suslova, Alena"]
[Result "1-0"]
[WhiteElo "2416"]
[BlackElo "2147"]
[Annotator ""]
[Source ""]
[Remark ""]

1.e4 c5 2.Nc3 Nc6 3.f4 g6 4.Nf3 Bg7 5.Bc4 e6 6.f5 Nge7 7.fxe6
dxe6 8.d3 O-O 9.O-O a6 10.a4 b6 11.Bf4 h6 12.Qd2 Kh7 13.e5 Nd5
14.Bg3 Nxc3 15.bxc3 Qc7 16.Qe2 Bb7 17.h4 Ne7 18.h5 Nf5 19.hxg6+
fxg6 20.Bh2 Qc6 21.Rf2 b5 22.Bb3 g5 23.Nd2 Kg6 24.Re1 Rac8 25.Ne4
c4 26.Ba2 cxd3 27.cxd3 bxa4 28.Qg4 Rce8 29.d4 Qb5 30.Nd6 Nxd6
31.exd6 Rxf2 32.Kxf2 Qb2+ 33.Qe2 Rf8+ 34.Kg1 Qxc3 35.Bb1+ 1-0

[Event "Moscow Open 2009 C"]
[Site "?"]
[Date "2009.02.05"]
[Round "6.18"]
[White "Kostrikina, Anna"]
[Black "Vasilkova, Svetlana"]
[Result "0-1"]
[WhiteElo "2157"]
[BlackElo "2371"]
[Annotator ""]
[Source ""]
[Remark ""]

1.e4 c5 2.Nf3 e6 3.d4 cxd4 4.Nxd4 Nc6 5.Nc3 d6 6.Be2 Nf6 7.O-O
Be7 8.Be3 O-O 9.f4 e5 10.Nxc6 bxc6 11.fxe5 dxe5 12.Qxd8 Rxd8
13.h3 Be6 14.Rad1 Kf8 15.Rxd8+ Bxd8 16.Bf3 Bb6 17.Kf2 Rd8 18.Rd1
Bd4 19.b3 Ke7 20.Na4 Nxe4+ 21.Bxe4 Bxe3+ 22.Ke2 Rxd1 23.Kxd1
Kd6 24.Ke2 Bb6 25.c3 f5 26.Bc2 e4 27.Nb2 Bf7 28.a4 Bh5+ 29.Kf1
Bd8 30.Nc4+ Ke6 31.g4 Bg6 32.gxf5+ Kxf5 33.b4 Kf4 34.b5 cxb5
35.axb5 Bf5 36.Kg2 Bc7 37.h4 h5 38.Nd2 Ba5 39.Nf1 Bxc3 40.Ng3
Bg4 41.Bxe4 Be1 42.Nxh5+ Bxh5 43.Bc6 Bxh4 44.Bd5 Bd8 45.Bc6 g5
46.Bd5 Bg6 0-1

[Event "Moscow Open 2009 C"]
[Site "?"]
[Date "2009.02.05"]
[Round "6.19"]
[White "Karpova, Lyudmila"]
[Black "Solovjova, Valentina"]
[Result "1/2-1/2"]
[WhiteElo "2131"]
[BlackElo "2324"]
[Annotator ""]
[Source ""]
[Remark ""]

1.e4 c5 2.Nf3 Nc6 3.Bb5 Nf6 4.e5 Nd5 5.O-O g6 6.Nc3 Nc7 7.Bxc6
dxc6 8.d3 Bg7 9.Be3 Ne6 10.Ne4 b6 11.Qd2 Nd4 12.Nxd4 cxd4 13.Bh6
O-O 14.Rae1 Qd5 15.Bxg7 Kxg7 16.Qg5 Qe6 17.Ng3 h6 18.Qh4 c5 19.f4
Bb7 20.f5 Qd5 21.f6+ exf6 22.Qxf6+ Kh7 23.Ne4 Qe6 24.Qf4 Bxe4
25.Qxe4 Rae8 26.a3 Kg7 27.Rf3 Re7 28.Qf4 Rfe8 29.Ref1 Rd7 30.Re1
Ree7 31.Rf2 Rd5 32.Rfe2 Rd8 33.Rf1 Rde8 34.Rfe1 h5 35.Re4 Qa2
36.Qc1 Qd5 37.Qf4 Re6 38.b3 R8e7 39.a4 a6 40.h3 Qd7 41.R1e2 Re8
42.g4 hxg4 43.hxg4 Rh8 44.g5 Rh5 45.Rh2 Qe7 46.Rxh5 gxh5 47.Kh2
Rg6 48.Qf6+ Qxf6 49.exf6+ Kh7 50.Re5 Rg8 51.Kh3 a5 52.Kh4 Kg6
53.Re2 Rd8 54.Re7 Rb8 55.Re5 Rh8 56.Re7 1/2-1/2

[Event "Moscow Open 2009 C"]
[Site "?"]
[Date "2009.02.05"]
[Round "6.20"]
[White "Rjanova, Valery"]
[Black "Pustovoitova, Daria"]
[Result "0-1"]
[WhiteElo "2131"]
[BlackElo "2324"]
[Annotator ""]
[Source ""]
[Remark ""]

1.e4 e5 2.Nf3 Nf6 3.Nxe5 d6 4.Nf3 Nxe4 5.c4 g6 6.Nc3 Nxc3 7.dxc3
Bg7 8.Be3 Nc6 9.Qd2 b6 10.O-O-O Bb7 11.Bh6 Bxh6 12.Qxh6 Qf6 13.Bd3
O-O-O 14.Be4 Rde8 15.Rhe1 Ne5 16.Bxb7+ Kxb7 17.Nxe5 Rxe5 18.Qd2
Rhe8 19.Rxe5 Qxe5 20.Qd5+ Qxd5 21.cxd5 Ka6 22.Kd2 Kb5 23.Kd3
Re5 24.c4+ Kb4 25.f4 Re7 26.f5 gxf5 27.Rf1 Re5 28.Rf4 f6 29.Rh4
Re7 30.Rf4 Re1 31.Rf2 Rd1+ 32.Kc2 Rh1 33.h3 Kxc4 34.Rxf5 Rh2
35.Rxf6 Rxg2+ 36.Kc1 Rg7 37.Rh6 Kxd5 38.Rh4 c5 0-1

[Event "Moscow Open 2009 C"]
[Site "?"]
[Date "2009.02.05"]
[Round "6.21"]
[White "Uljianova, Nadezhda"]
[Black "Bulmaga, Irina"]
[Result "0-1"]
[WhiteElo "2106"]
[BlackElo "2300"]
[Annotator ""]
[Source ""]
[Remark ""]

1.d4 d5 2.c4 dxc4 3.Nf3 Nf6 4.e3 e6 5.Bxc4 a6 6.O-O Nbd7 7.a3
b5 8.Be2 Bb7 9.b4 Bd6 10.Bb2 O-O 11.Nbd2 Nb6 12.Rc1 Qe8 13.Nb3
Bd5 14.Nfd2 Na4 15.Ba1 Qb8 16.Qc2 c5 17.dxc5 Bxh2+ 18.Kh1 Be5
19.Nd4 Bc7 20.Bf3 Bxf3 21.N2xf3 Qb7 22.Rfd1 Qd5 23.Nb3 Qh5+ 24.Kg1
Ng4 25.Rd7 Bh2+ 26.Nxh2 Qxh2+ 27.Kf1 Qh1+ 28.Ke2 Qxg2 29.Rf1
Nxe3 30.Kxe3 Qxf1 31.Qd2 Qh3+ 32.f3 Qh6+ 33.Ke2 Qh2+ 34.Ke3 Qg1+
35.Ke2 h5 36.Qd6 Qg2+ 37.Ke3 Nb2 38.Bxb2 Qxb2 39.Qd3 Qxa3 40.c6
Qxb4 41.c7 Qe1+ 42.Qe2 Qc3+ 43.Qd3 Qxd3+ 44.Kxd3 a5 45.Nd4 a4 0-1

[Event "Moscow Open 2009 C"]
[Site "?"]
[Date "2009.02.05"]
[Round "6.22"]
[White "Tomilova, Elena"]
[Black "Kalmykova, Anastasia"]
[Result "1-0"]
[WhiteElo "2300"]
[BlackElo "2100"]
[Annotator ""]
[Source ""]
[Remark ""]

1.e4 e5 2.Bc4 Nc6 3.Nf3 g6 4.d4 exd4 5.Nxd4 Bg7 6.Be3 Nge7 7.Nc3
O-O 8.a4 d6 9.O-O Ne5 10.Ba2 Ng4 11.Bg5 h6 12.Bh4 g5 13.Bg3 Ng6
14.h3 Nf6 15.Nf5 Nxe4 16.Nxh6+ Bxh6 17.Nxe4 Bf5 18.Qf3 Be6 19.Nf6+
Kh8 20.Rfe1 Bxa2 21.Rxa2 Kg7 22.Nh5+ Kh7 23.Qf5 Qc8 24.Nf6+ Kg7
25.Nh5+ Kh7 26.Nf6+ Kg7 27.Qf3 Qd8 28.Nh5+ Kh7 29.Ra3 f5 30.Re6
Bg7 31.Bxd6 Rf7 32.Nxg7 Kxg7 33.Rd3 Qc8 34.Be5+ Nxe5 35.Rxe5
Kg6 36.Rdd5 c6 37.Rd6+ Rf6 38.Qd3 Qf8 39.Qxf5+ Kg7 40.Qxg5+ 1-0

[Event "Moscow Open 2009 C"]
[Site "?"]
[Date "2009.02.05"]
[Round "6.23"]
[White "Yakupova, Aysyla"]
[Black "Manakova., Maria"]
[Result "0-1"]
[WhiteElo "2076"]
[BlackElo "2299"]
[Annotator ""]
[Source ""]
[Remark ""]

1.e4 c5 2.Nf3 Nc6 3.d4 cxd4 4.Nxd4 e5 5.Nb5 d6 6.N1c3 a6 7.Na3
b5 8.Nd5 Be7 9.c4 b4 10.Nc2 a5 11.Be2 Nf6 12.Nxf6+ Bxf6 13.O-O
O-O 14.b3 Kh8 15.Ne3 Bg5 16.Qd3 Nd4 17.Nc2 Bxc1 18.Raxc1 Ne6
19.Rfd1 Nf4 20.Qe3 Qg5 21.Bf1 Nh3+ 22.Kh1 Qxe3 23.Nxe3 Nxf2+
24.Kg1 Nxd1 25.Rxd1 Bb7 26.Rxd6 Bxe4 0-1

[Event "Moscow Open 2009 C"]
[Site "?"]
[Date "2009.02.05"]
[Round "6.24"]
[White "Gvanceladze, Anna"]
[Black "Ubiennykh, Ekaterina"]
[Result "0-1"]
[WhiteElo "2070"]
[BlackElo "2285"]
[Annotator ""]
[Source ""]
[Remark ""]

1.e4 c5 2.Nc3 Nc6 3.g3 g6 4.Bg2 Bg7 5.d3 d6 6.Be3 Rb8 7.Qd2 b5
8.Nf3 b4 9.Nd1 Ba6 10.O-O Nd4 11.Nh4 Nf6 12.h3 O-O 13.f4 e6 14.f5
exf5 15.exf5 Nh5 16.Bg5 f6 17.Bd5+ Kh8 18.Bh6 g5 19.Bxg7+ Kxg7
20.Nf3 Nxf5 21.g4 Ne7 22.Nxg5 fxg5 23.Qxg5+ Kh8 24.Qxh5 Rxf1+
25.Kxf1 Nxd5 26.Qxd5 Qe7 27.Nf2 Bb7 28.Qh5 Rf8 29.g5 Qe3 30.Qh4
Rf4 0-1

[Event "Moscow Open 2009 C"]
[Site "?"]
[Date "2009.02.05"]
[Round "6.25"]
[White "Aketaeva, Dana"]
[Black "Derbentseva, Irina"]
[Result "0-1"]
[WhiteElo "2283"]
[BlackElo "2080"]
[Annotator ""]
[Source ""]
[Remark ""]

1.e4 e5 2.Nf3 Nc6 3.Bb5 a6 4.Ba4 Nf6 5.O-O b5 6.Bb3 Be7 7.Re1
d6 8.c3 O-O 9.h3 Na5 10.Bc2 c5 11.d4 cxd4 12.cxd4 Nc6 13.Nbd2
Qc7 14.d5 Nb4 15.Bb1 a5 16.Nf1 Bd7 17.a3 Na6 18.g4 b4 19.Ng3
Rfc8 20.Nf5 Bf8 21.Bg5 Ne8 22.a4 b3 23.Qxb3 Nc5 24.Qa3 Nxa4 25.b3
Nc3 26.Bd3 Bb5 27.Bxb5 Nxb5 28.Qb2 Qc3 29.Qxc3 Rxc3 30.Re3 f6
31.Rxc3 Nxc3 32.Bd2 Nxe4 33.Bxa5 Nc7 34.Ne3 g6 35.b4 Bh6 36.Rd1
Nb5 37.Nd2 Nec3 38.Re1 Rc8 39.Ndc4 Bxe3 40.Nxe3 Nd4 41.Kg2 Nde2
42.Kf3 Nf4 43.h4 Nb5 44.Bb6 Rc3 45.Ra1 Nxd5 46.Ra8+ Kf7 47.Ba5
Nd4+ 48.Ke4 Ne7 49.b5 Rb3 50.b6 f5+ 51.gxf5 gxf5+ 52.Nxf5 Nexf5
53.f4 Ke6 54.fxe5 Re3+ 55.Kf4 dxe5+ 56.Kg5 Rg3+ 57.Kh5 Ne2 58.Bd2
Rg7 59.Bg5 h6 60.Ra7 Rg8 61.b7 Rb8 62.Bxh6 Nd6 63.Kg6 Rxb7 64.Rxb7
Nxb7 65.h5 Nd6 66.Bd2 Nf4+ 67.Kh6 Kf5 68.Bb4 Ne4 69.Ba5 Ng3 70.Bc7
e4 71.Kg7 Ngxh5+ 72.Kf7 e3 73.Ba5 Nd5 74.Be1 e2 75.Ke8 Ke4 76.Kd7
Kd3 77.Ke6 Nhf4+ 78.Kf5 Ne3+ 79.Kg5 Neg2 80.Bg3 Ke3 81.Kg4 Nd3 0-1

[Event "Moscow Open 2009 C"]
[Site "?"]
[Date "2009.02.05"]
[Round "6.26"]
[White "Malinicheva, L."]
[Black "Paikidze, Nazi"]
[Result "0-1"]
[WhiteElo "2068"]
[BlackElo "2280"]
[Annotator ""]
[Source ""]
[Remark ""]

1.c4 c5 2.g3 Nf6 3.Bg2 e6 4.e4 Nc6 5.Nc3 Be7 6.Nge2 d6 7.d4 cxd4
8.Nxd4 Qc7 9.O-O a6 10.Nxc6 bxc6 11.Be3 Rb8 12.b3 O-O 13.Rc1
c5 14.Bf4 Bb7 15.Re1 Qc6 16.Qc2 Rbd8 17.Rcd1 Rd7 18.f3 Rfd8 19.Bh3
Rc7 20.Rd3 h6 21.Red1 g5 22.Bd2 Nd7 23.f4 f5 24.Nd5 exd5 25.exd5
Qb6 26.Bxf5 Bf6 27.Bc3 Rf8 28.Be6+ Kg7 29.Qd2 Bxc3 30.Qxc3+ Kh7
31.Rf3 g4 32.Bxg4 Nf6 33.Bf5+ Kh8 34.g4 Rg7 35.g5 Nxd5 36.cxd5
Rxf5 37.Kh1 Rxd5 38.Re1 Rd4 39.Re8+ Rg8 40.Rxg8+ Kxg8 0-1

[Event "Moscow Open 2009 C"]
[Site "?"]
[Date "2009.02.05"]
[Round "6.27"]
[White "Eryshkanova, Anastasiya"]
[Black "Fominykh, Maria"]
[Result "1/2-1/2"]
[WhiteElo "2055"]
[BlackElo "2279"]
[Annotator ""]
[Source ""]
[Remark ""]

1.e4 d6 2.d4 g6 3.Nf3 Bg7 4.Nc3 Nf6 5.Be3 a6 6.a4 O-O 7.h3 e5
8.dxe5 dxe5 9.Qxd8 Rxd8 10.Bc4 Nbd7 11.O-O-O Rf8 12.a5 h6 13.Rd2
Rb8 1/2-1/2

[Event "Moscow Open 2009 C"]
[Site "?"]
[Date "2009.02.05"]
[Round "6.28"]
[White "Borisova, Elizaveta"]
[Black "Semenova, Elena"]
[Result "1/2-1/2"]
[WhiteElo "2270"]
[BlackElo "2086"]
[Annotator ""]
[Source ""]
[Remark ""]

1.d4 d5 2.c4 c6 3.Nf3 Nf6 4.Nc3 e6 5.e3 Nbd7 6.Qc2 Bd6 7.b3 dxc4
8.bxc4 e5 9.d5 cxd5 10.cxd5 Bb4 11.Bd2 Bxc3 12.Bxc3 Nxd5 13.Rd1
Nxc3 14.Qxc3 O-O 15.Bb5 Qe7 16.O-O e4 17.Nd2 Nf6 18.Rc1 a6 19.Be2
Rd8 20.Nb3 Be6 21.Na5 Bd5 22.Rfd1 h6 23.a3 Qe6 24.Qb4 b6 25.Nc4
Bxc4 26.Rxd8+ Rxd8 27.Bxc4 Rc8 28.h3 Nd5 29.Qd2 b5 30.Bxd5 Rxc1+
31.Qxc1 Qxd5 32.Qc8+ Kh7 33.Qxa6 Qc5 34.Qb7 Qf5 35.Qc6 1/2-1/2

[Event "Moscow Open 2009 C"]
[Site "?"]
[Date "2009.02.05"]
[Round "6.29"]
[White "Shumilina, Alexandra"]
[Black "Baraeva, Marina"]
[Result "1-0"]
[WhiteElo "2269"]
[BlackElo "2009"]
[Annotator ""]
[Source ""]
[Remark ""]

1.d4 d5 2.c4 c6 3.Nf3 Nf6 4.e3 Bg4 5.Be2 e6 6.O-O Nbd7 7.Nbd2
Bd6 8.b3 O-O 9.Bb2 Re8 10.Ne5 Bxe2 11.Qxe2 Rc8 12.Rfd1 Qe7 13.e4
dxe4 14.Nxe4 Nxe4 15.Qxe4 Nxe5 16.dxe5 Bc5 17.Rd3 Ba3 18.Bd4
Bc5 19.Rad1 Bxd4 20.Qxd4 c5 21.Qd7 Rc7 22.Qa4 Ra8 23.g3 a6 24.Rd7
Rxd7 25.Rxd7 Qg5 26.Qa5 h6 27.Qxc5 Qc1+ 28.Kg2 Qb1 29.Qd4 b5
30.c5 Rc8 31.h4 Qxa2 32.Rd8+ Rxd8 33.Qxd8+ Kh7 34.Qd3+ g6 35.c6
Qa5 36.Qd7 Qe1 37.Qxf7+ Kh8 38.c7 Qe4+ 39.Kh2 Qc6 40.Qf8+ 1-0

[Event "Moscow Open 2009 C"]
[Site "?"]
[Date "2009.02.05"]
[Round "6.30"]
[White "Matveeva, Olga"]
[Black "Koroteeva, Ksenia"]
[Result "0-1"]
[WhiteElo "2219"]
[BlackElo "1951"]
[Annotator ""]
[Source ""]
[Remark ""]

1.d4 d5 2.c4 e6 3.Nc3 Nf6 4.cxd5 exd5 5.Bg5 Be7 6.e3 O-O 7.Qc2
c6 8.Bd3 Nbd7 9.Nge2 Re8 10.O-O Nf8 11.Rad1 Ne4 12.Bf4 Nf6 13.f3
Ne6 14.Be5 h6 15.Kh1 Nd7 16.Bg3 Bf6 17.Bf2 Nb6 18.Qc1 Bd7 19.e4
dxe4 20.fxe4 Rc8 21.e5 Be7 22.Ng3 Bg5 23.Qb1 Nf4 24.Nf5 Bxf5
25.Bxf5 Rc7 26.Bg3 Nh5 27.Qd3 Nxg3+ 28.Qxg3 Nc4 29.Rde1 Bh4 30.Qg4
Bxe1 31.Rxe1 Qg5 32.Qf3 Qd2 33.Qg3 Qg5 34.Qf2 Qd2 35.Qg3 Ree7
36.e6 Nd6 37.exf7+ Kf8 38.Be6 Nf5 39.Qe5 Nxd4 40.Nb1 Qb4 41.a3
Qb6 42.Qd6 Nxe6 43.Rxe6 Rcd7 44.Qb8+ Qd8 0-1

[Event "Moscow Open 2009 C"]
[Site "?"]
[Date "2009.02.05"]
[Round "6.31"]
[White "Dogodkina, Julia"]
[Black "Bezgodova, Svetlana"]
[Result "0-1"]
[WhiteElo "2003"]
[BlackElo "2214"]
[Annotator ""]
[Source ""]
[Remark ""]

1.e4 e5 2.Nf3 Nc6 3.Bb5 a6 4.Ba4 Nf6 5.O-O Be7 6.Re1 b5 7.Bb3
d6 8.c3 O-O 9.h3 Na5 10.Bc2 c5 11.d4 Bb7 12.d5 Nc4 13.a4 Nb6
14.b3 Ne8 15.g4 g6 16.Bh6 Ng7 17.Kh2 Bc8 18.Rg1 Bd7 19.Qd2 Qe8
20.axb5 axb5 21.Na3 Ra6 22.Bd3 Qa8 23.Qb2 Nxd5 24.exd5 Qxd5 25.Rg3
Rfa8 26.Be2 Qb7 27.b4 c4 28.Qc1 Ne6 29.Nc2 Rxa1 30.Nxa1 Qa7 31.Nc2
Qxf2+ 32.Rg2 Qa7 33.Ne3 Bc6 34.Nf5 Qc7 35.Qf1 Bd8 36.Qf2 Ra3
37.Bd2 Kf8 38.Qg3 Bf6 39.g5 Bh8 40.Qh4 gxf5 41.Qxh7 Bg7 42.Qxf5
e4 43.Rf2 exf3 44.Bxf3 Be5+ 45.Kg2 Ng7 46.Qg4 Qb7 47.g6 Ra2 48.Qg5
f6 49.Qh6 Bxf3+ 50.Rxf3 Qd5 51.Qh8+ Qg8 52.Qxg8+ Kxg8 53.Rf2
Rc2 0-1